000 00431nam a2200169Ia 4500
003 LK-CoDNM
008 010623t1915 xxu||||| |||| 00| 1 sin d
040 _aLK-CoDNM
_dLK-CoDNM
_eLK-CoDNM
041 _asin
080 _a104 E.10
245 _aශ්‍රී සුධර්මෝදය
246 _aSri Sudharmodaya
260 _bSri Sudharmodaya Samitiya
_c1915
300 _b6p., 21 cm
650 _aBuddhism
942 _cBK
999 _c88622
_d88622